000 00233nam a22000857a 4500
008 160718b xxu||||| |||| 00| 0 eng d
100 _93030
_a Malhotra, S.S., et al
245 _aa b c of Mathematics - 1
260 _aNew Delhi
_b Holy Faith
999 _c2593
_d2593